Paroles Le jerk - Thierry Hazard - Statistiques

Statistiques générales
  • Ce quiz a été pris 444 fois
    440 depuis la dernière actualisation
  • Le résultat moyen est 161 sur 298
Statistiques - réponses
Paroles % Correct
journée
92%
la
92%
Toute
92%
au
91%
téléphone
90%
Ou
89%
à
88%
à
88%
la
88%
machine
88%
taper
88%
Joséphine
80%
Les
80%
sur
80%
attend
79%
ça
79%
que
79%
s’
79%
sa
79%
termine
79%
yeux
79%
rivés
78%
aller
77%
danser
77%
jerk
77%
le
77%
Pour
77%
de
76%
la
76%
sur
76%
musique
75%
elle
74%
qu'
74%
avec
73%
de
73%
poitrine
73%
pop
73%
son
73%
tour
73%
dit
72%
se
72%
elle
71%
comme
70%
dans
70%
du
70%
genre
70%
les
70%
Olivia
70%
pourrait
70%
elle
69%
John
69%
magazines
69%
Newton
69%
poser
69%
bureau
68%
du
68%
Joséphine
68%
Quand
68%
Sort
68%
cousine
67%
Roger
67%
sa
67%
Berthe
66%
dans
66%
jerk
66%
le
66%
les
66%
qui
66%
sent
66%
sous
66%
travaille
66%
une
66%
usine
66%
à
65%
à
65%
au
65%
aux
65%
bon
65%
cantine
65%
carbonne
65%
chez
65%
club
65%
dansent
65%
de
65%
Dolly
65%
du
65%
elles
65%
gogo
65%
hormones
65%
il
65%
l'
65%
la
65%
mange
65%
oxyde
65%
poulet
65%
des
64%
éclairs
64%
les
64%
midis
64%
tous
64%
aller
63%
danser
63%
elles
63%
ensemble
63%
jerk
63%
Kelton
63%
le
63%
Parton
63%
Pour
63%
de
62%
de
62%
l'
62%
la
62%
musique
62%
sur
62%
usine
62%
aussitôt
61%
beaucoup
61%
dans
61%
du
61%
et
61%
fanfare
61%
il
61%
joue
61%
la
61%
Pop
61%
Roger
61%
trombone
61%
admire
60%
admire
60%
beaucoup
60%
Lénine
60%
Roger
60%
le
59%
Lennon
59%
dimanche
58%
Jerk
58%
Le
58%
lui
58%
au
57%
bus
57%
club
57%
danse
57%
de
57%
éclairs
57%
gogo
57%
Il
57%
il
57%
Joséphine
57%
le
57%
les
57%
rencontra
57%
Roger
57%
sous
57%
Un
57%
18
56%
à
56%
des
56%
dit
56%
êtes
56%
Il
56%
jerk
56%
le
56%
mignonne
56%
prend
56%
stroboscopes
56%
vous
56%
17
55%
Et
55%
heures
55%
quand
55%
courent
54%
du
54%
et
54%
Roger
54%
sort
54%
bureau
53%
passe
53%
soir
53%
belle
52%
chez
52%
êtes
52%
je
52%
moi
52%
que
52%
venez
52%
vous
52%
vous
52%
ce
51%
comme
51%
droit
51%
du
51%
stroboscopes
51%
tout
51%
trombone
51%
une
51%
file
50%
jouerai
50%
beau
49%
des
49%
d'hiver
49%
Et
49%
et
49%
eurent
49%
ils
49%
ils
49%
Joséphine
49%
marièrent
49%
matin
49%
par
49%
qu'
49%
Roger
49%
se
49%
un
49%
Alphonse
47%
et
47%
Jerk
47%
Gustave
46%
Philibert
45%
Arthur
44%
apprirent
43%
le
43%
leur
43%
quadruplés
43%
apprirent
42%
apprirent
42%
le
42%
leur
42%
leur
42%
prénomèrent
42%
le
41%
sur
40%
de
39%
Ils
39%
la
39%
musique
39%
pop
39%
Ils
38%
Ils
38%
speakerine
36%
Et
33%
aller
32%
danser
32%
de
32%
jerk
32%
la
32%
le
32%
pour
32%
sur
32%
tous
32%
ensemble
31%
musique
31%
pop
31%
17
30%
18
30%
bus
30%
de
30%
heures
30%
ils
29%
le
29%
le
29%
prennent
29%
le
28%
quand
28%
soir
28%
vient
28%
jerk
27%
jerk
27%
le
27%
à
23%
comme
23%
dansent
23%
ils
23%
jerk
23%
jerk
23%
jerk
23%
le
23%
le
23%
le
23%
la
21%
nuit
21%
toute
21%
Woodstock
21%
le
20%
les
20%
dansent
19%
des
19%
éclairs
19%
ils
19%
jerk
19%
sous
19%
stroboscopes
18%
à
14%
comme
14%
la
14%
toute
14%
nuit
13%
Woodstock
13%
Aucun quiz correspondant
Distribution des résultats
% des personnes avec chaque résultat
Percentile par nombre de réponses
Votre historique - résultats
Vous n’avez pas pris ce quiz depuis la dernière actualisation